Central Library OPAC University of Rajshahi

বাঙ্গালির দর্শন : (Record no. 37946)

MARC details
000 -LEADER
fixed length control field 00946nam a22002297a 4500
001 - CONTROL NUMBER
control field 37946
003 - CONTROL NUMBER IDENTIFIER
rucl marc code BD-RjUL
005 - DATE AND TIME OF LATEST TRANSACTION
control field 20211209052708.0
008 - FIXED-LENGTH DATA ELEMENTS--GENERAL INFORMATION
fixed length control field 150816s2012 bg ||||| b||| 001 0 ben d
020 ## - INTERNATIONAL STANDARD BOOK NUMBER
International Standard Book Number 9789845120050 (hardcover)
035 ## - SYSTEM CONTROL NUMBER
System control number (BD-RjUL)
040 ## - CATALOGING SOURCE
Original cataloging agency BD-RjUL
Language of cataloging ben
Transcribing agency BD-RjUL
041 ## - LANGUAGE CODE
Language code of text/sound track or separate title ben
082 ## - DEWEY DECIMAL CLASSIFICATION NUMBER
Edition number 22
Classification number B 891.4409
Author mark and year RAB 2012
100 10 - MAIN ENTRY--PERSONAL NAME
Personal name রহমান, এম. মতিউর
9 (RLIN) 117550
245 ## - TITLE STATEMENT
Title বাঙ্গালির দর্শন :
Remainder of title ব্রাহ্ম ভাবধারা /
Statement of responsibility, etc. এম. মতিউর রহমান
Number of part/section of a work [ প্রথম খন্ড ]
260 ## - PUBLICATION, DISTRIBUTION, ETC. (IMPRINT)
Place of publication, distribution, etc. ঢাকা :
Name of publisher, distributor, etc. বাংলাদেশ এশিয়াটিক সোসাইটি,
Date of publication, distribution, etc. ২০১২
300 ## - PHYSICAL DESCRIPTION
Pagination [ ষো ল ], ৫৮৮ পৃ. ;
Size ২৫ সেমি.
504 ## - BIBLIOGRAPHY, ETC. NOTE
Bibliography, etc Includes bibliographical references and index.
650 ## - SUBJECT ADDED ENTRY--TOPICAL TERM
Topical term or geographic name as entry element Bengali literature
General subdivision History and criticism.
9 (RLIN) 117020
942 ## - ADDED ENTRY ELEMENTS (KOHA)
Source of classification or shelving scheme Dewey Decimal Classification
Koha item type Books
Holdings
Lost status Source of classification or shelving scheme Damaged status Not for loan Permanent Location Current Location Shelving location Date acquired Source of acquisition Cost, normal purchase price Total Checkouts Full call number Date last seen Date checked out Copy number Koha item type
  Dewey Decimal Classification     Central Library, University of Rajshahi Central Library, University of Rajshahi   15/07/2013 Asiatic Society of Bangladesh 500.00 3 B 891.4409 RAB V-1 2012 19/09/2024 18/09/2024 C-3 Books